Výpočet a návrh zdroja tepla - odovzdávacej stanice tepla pre areál termálneho kúpaliska vo Veľkom Mederi

Uložené v:
Podrobná bibliografia
Hlavný autor: Jurka, Pavol, 1985- (Autor)
Ďalší autori: Takács, Ján, 1954- (Vedúci práce)
Médium: Rukopis Kniha
Jazyk:Slovak
Vydavateľské údaje: Bratislava : STU v Bratislave SvF, 2010
Predmet:
On-line prístup:VAIS
Tagy: Pridať tag
Žiadne tagy, Buďte prvý, kto otaguje tento záznam!

MARC

LEADER 00000ntm a22000003a 4500
001 stu217153
005 20150617230112.8
008 101123s2010----xo------------------slo-d
040 |a STU  |b slo 
041 0 |a slo 
044 |a xo 
100 1 |a Jurka, Pavol,  |d 1985-  |4 aut  |u V290  |U SvF Stavebná fakulta  |T SvF Katedra technických zariadení budov  |X 10630  |U V290  |Y 31  |7 A000010630 
242 0 0 |a Heat exchanger station for new building in Velky Meder  |y eng 
245 1 |a Výpočet a návrh zdroja tepla - odovzdávacej stanice tepla pre areál termálneho kúpaliska vo Veľkom Mederi 
260 |a Bratislava :  |b STU v Bratislave SvF,  |c 2010 
650 7 |a technické zariadenia budov  |2 stusub 
650 7 |a Building Services  |2 estusub 
650 7 |a geothermal energy  |2 estusub 
650 7 |a geotermálna energia  |2 stusub 
650 7 |a nízkoteplotné vykurovanie  |2 stusub 
700 1 |a Takács, Ján,  |d 1954-  |4 ths  |u V290  |U SvF Stavebná fakulta  |T SvF Katedra technických zariadení budov  |X 663  |U V290  |Y 31  |7 A000000663 
856 4 |a info a plný text  |u http://is.stuba.sk/zp/portal_zp.pl?podrobnosti=61796  |3 VAIS